00789nam a22002537a 450000500170000001000110001702000090002803500110003703700160004804000120006408200150007610000260009124500390011726000410015627000140019730000250021149000300023650000190026665000290028565000200031494200240033499900190035895201580037720170124110137.0 a467706 c9.50 a467706 bCen Lib/Ret aDPLbEN a635.9bSWA aSwarup, Vishnu932595 aGarden flowers /cby Vishnu Swarup bNational Book TrustaNew Delhic1967 bNew Delhi axii,258p. c20cm(Hb) aIndia-the land and people aIncludes index aFlowers -- India9102138 aFlowers9102139 2ddccENh635.9mSWA c131726d131726 04104070aLbLd2015-07-15eCen Lib/Retg9.50l0o635.9 SWAp467706r2015-07-15 00:00:00t1v9.50w2015-07-15yENzW/d List No. 6873/ 1; dtd 20/08/2020